Iparpolitika Európa számára.
Priemyselná politika v USA a Japonsku. Problémy konverzie v USA. Úloha štátu a japonská priemyselná politika. Príprava kvalifikovaných odborníkov a najmodernejšie formy vzdelávania. Problémy európskeho elektronického priemyslu. Podmienky pre slobodné investovanie. Infraštruktúra.
Gespeichert in:
| 1. Verfasser: | |
|---|---|
| Format: | Buchkapitel |
| Sprache: | Ungarisch |
| Schlagworte: | |
| Tags: |
Keine Tags, Fügen Sie das erste Tag hinzu!
|
MARC
| LEADER | 00000naa a2200000 4500 | ||
|---|---|---|---|
| 001 | r010439 | ||
| 005 | 20221125113516.9 | ||
| 041 | 0 | |a hun | |
| 044 | |a HU | ||
| 245 | 1 | 0 | |a Iparpolitika Európa számára. |c W. Gründsteidl |
| 520 | |a Priemyselná politika v USA a Japonsku. Problémy konverzie v USA. Úloha štátu a japonská priemyselná politika. Príprava kvalifikovaných odborníkov a najmodernejšie formy vzdelávania. Problémy európskeho elektronického priemyslu. Podmienky pre slobodné investovanie. Infraštruktúra. | ||
| 610 | 2 | 0 | |a politika priemyselná |
| 610 | 2 | 0 | |a Európa |
| 610 | 2 | 0 | |a USA |
| 610 | 2 | 0 | |a Japonsko |
| 610 | 2 | 0 | |a konverzia priemyslu |
| 610 | 2 | 0 | |a príprava odborná |
| 610 | 2 | 0 | |a vzdelávanie |
| 610 | 2 | 0 | |a infraštruktúra |
| 610 | 2 | 0 | |a investície |
| 610 | 2 | 0 | |a elektronika |
| 610 | 2 | 0 | |a štát |
| 100 | 1 | |a Gründsteidl, W. | |